[Event "69th GRE-ch 2019"]
[Site "Thessaloniki"]
[Date "2019.11.23"]
[Round "4.2"]
[White "Kourkoulos-Arditis, Stamatis"]
[Black "Papadopoulos, Georgios"]
[Result "1-0"]
[WhiteElo "2457"]
[BlackElo "2378"]
[Annotator "ChessBase"]
[PlyCount "79"]
[EventDate "2019.11.20"]
[EventType "tourn"]
[EventCountry "GRE"]
[SourceTitle "playchess.com"]
[Source "ChessBase"]
[SourceQuality "1"]
[TimeControl "40/5400+30:1800+30"]

1. d4 {[%emt 0:00:00]} Nf6 {[%emt 0:01:35]} 2. c4 {[%emt 0:00:00]} g6 {[%emt 0:00:09]} 3. Nf3 {[%emt 0:00:00]} Bg7 {[%emt 0:00:06]} 4. g3 {[%emt 0:00:00]} O-O {[%emt 0:00:06]} 5. Bg2 {[%emt 0:00:00]} d6 {[%emt 0:00:05]} 6. Nc3 {[%emt 0:00:00]} Nc6 {[%emt 0:00:08]} 7. O-O {[%emt 0:00:03]} a6 {[%emt 0:00:01]} 8. b3 {[%emt 0:00:23]} Rb8 {[%emt 0:00:05]} 9. Nd5 {[%emt 0:00:08]} Nxd5 {[%emt 0:00:06]} 10. cxd5 {[%emt 0:00:07]} Nb4 {[%emt 0:00:02]} 11. e4 {[%emt 0:00:38]} f5 {[%emt 0:00:04]} 12. Ng5 {[%emt 0:01:42]} c5 {[%emt 0:00:56]} 13. dxc6 {[%emt 0:00:28]} Nxc6 {[%emt 0:00:29]} 14. exf5 {[%emt 0:00:34]} Bxf5 {[%emt 0:01:36]} 15. Be3 {[%emt 0:00:16]} d5 {[%emt 0:01:04]} 16. g4 {[%emt 0:04:21]} Bc8 {[%emt 0:00:07]} 17. h3 {[%emt 0:00:12]} Qd6 {[%emt 0:01:07]} 18. f4 {[%emt 0:13:31]} h6 {[%emt 0:18:15]} 19. Nf3 {[%emt 0:00:13]} Rxf4 {[%emt 0:01:09]} 20. Bxf4 {[%emt 0:01:17]} Qxf4 {[%emt 0:00:09]} 21. Kh1 {[%emt 0:00:06]} e6 {[%emt 0:12:43]} 22. Rc1 {[%emt 0:12:29]} Qd6 {[%emt 0:04:55]} 23. Qc2 {[%emt 0:07:17]} Bd7 {[%emt 0:21:28]} 24. Qxg6 {[%emt 0:01:53]} Ne7 {[%emt 0:03:39]} 25. Qc2 {[%emt 0:00:08]} Bb5 {[%emt 0:01:39]} 26. Rfe1 {[%emt 0:00:42]} Rc8 {[%emt 0:02:50]} 27. Qd2 {[%emt 0:00:30]} Rxc1 {[%emt 0:00:40]} 28. Qxc1 {[%emt 0:00:11]} Ng6 {[%emt 0:18:53]} 29. Qc8+ {[%emt 0:01:49]} Kf7 {[%emt 0:00:22]} 30. Qxb7+ {[%emt 0:04:31]} Kg8 {[%emt 0:00:01]} 31. Qc8+ {[%emt 0:02:16]} Kf7 {[%emt 0:00:05]} 32. Qc2 {[%emt 0:01:05]} Qg3 {[%emt 0:05:33]} 33. a4 {[%emt 0:02:49]} Nh4 {[%emt 0:00:57]} 34. Rc1 {[%emt 0:00:09]} Kg8 {[%emt 0:03:08]} 35. Nxh4 {[%emt 0:00:15]} Bd3 {[%emt 0:00:17]} 36. Qc8+ {[%emt 0:00:36]} Kh7 {[%emt 0:00:23]} 37. Qc3 {[%emt 0:00:22]} e5 {[%emt 0:02:39]} 38. Nf5 {[%emt 0:01:00]} exd4 {[%emt 0:00:06]} 39. Nxg3 {[%emt 0:00:13]} dxc3 {[%emt 0:00:01]} 40. Bxd5 {[%emt 0:00:00]} 1-0

[Event "69th GRE-ch 2019"]
[Site "Thessaloniki"]
[Date "2019.11.23"]
[Round "4.3"]
[White "Megalios, Konstantinos"]
[Black "Kalogeris, Ioannis"]
[Result "1/2-1/2"]
[WhiteElo "2386"]
[BlackElo "2330"]
[Annotator "NA"]
[PlyCount "115"]
[EventDate "2019.11.20"]
[EventType "tourn"]
[EventCountry "GRE"]
[SourceTitle "playchess.com"]
[Source "ChessBase"]
[SourceQuality "1"]
[TimeControl "40/5400+30:1800+30"]

1. Nf3 {[%emt 0:00:00]} Nf6 {[%emt 0:08:18]} 2. c4 {[%emt 0:00:00]} c5 {[%emt 0:00:26]} 3. Nc3 {[%emt 0:00:20]} Nc6 {[%emt 0:00:25]} 4. d4 {[%emt 0:01:06]} cxd4 {[%emt 0:00:51]} 5. Nxd4 d5 {[%emt 0:02:56]} 6. cxd5 {[%emt 0:02:32]} Nxd5 {[%emt 0:01:08]} 7. Nxc6 {[%emt 0:00:34]} bxc6 {[%emt 0:00:02]} 8. Bd2 {[%emt 0:03:25]} g6 {[%emt 0:07:28]} 9. Nxd5 {[%emt 0:14:03]} Qxd5 {[%emt 0:10:18]} 10. Bc3 {[%emt 0:00:16]} f6 {[%emt 0:00:58]} 11. Qa4 {[%emt 0:01:58]} Qb5 {[%emt 0:01:38]} 12. Qc2 {[%emt 0:07:50]} e5 {[%emt 0:16:50]} 13. e3 {[%emt 0:11:02]} Qb6 {[%emt 0:07:18]} 14. Bc4 {[%emt 0:06:24]} Ba6 {[%emt 0:00:43]} 15. Qe2 {[%emt 0:02:31]} Bxc4 {[%emt 0:08:47]} 16. Qxc4 {[%emt 0:00:12]} Rd8 {[%emt 0:01:24]} 17. O-O Rd5 {[%emt 0:02:34]} 18. Rad1 {[%emt 0:10:24]} Qb5 {[%emt 0:01:38]} 19. Qg4 {[%emt 0:02:27]} f5 {[%emt 0:13:27]} 20. Rxd5 {[%emt 0:01:24]} Qxd5 {[%emt 0:02:25]} 21. Qa4 {[%emt 0:01:52]} Bc5 {[%emt 0:00:04]} 22. Rd1 {[%emt 0:01:43]} Qe6 {[%emt 0:00:43]} 23. Qa5 {[%emt 0:13:03]} Bb6 {[%emt 0:03:45]} 24. Qxe5 {[%emt 0:05:08]} Qxe5 {[%emt 0:00:05]} 25. Bxe5 {[%emt 0:00:03]} O-O {[%emt 0:00:20]} 26. Kf1 {[%emt 0:00:37]} Rd8 {[%emt 0:01:16]} 27. Rxd8+ {[%emt 0:00:24]} Bxd8 {[%emt 0:00:01]} 28. Ke2 {[%emt 0:00:32]} Kf7 {[%emt 0:00:38]} 29. Kd3 {[%emt 0:00:14]} Ke6 {[%emt 0:00:17]} 30. Bd4 {[%emt 0:00:41]} a6 {[%emt 0:02:11]} 31. Kc4 {[%emt 0:00:07]} Kd6 {[%emt 0:00:38]} 32. b3 {[%emt 0:01:15]} Ba5 {[%emt 0:01:39]} 33. f3 {[%emt 0:00:21]} Bc7 {[%emt 0:01:27]} 34. h3 {[%emt 0:01:34]} Bb8 {[%emt 0:00:51]} 35. e4 {[%emt 0:01:54]} fxe4 {[%emt 0:00:35]} 36. fxe4 {[%emt 0:00:03]} Ke6 {[%emt 0:01:16]} 37. Kb4 {[%emt 0:01:08]} Bc7 {[%emt 0:02:24]} 38. Kc5 {[%emt 0:00:30]} Kd7 {[%emt 0:00:01]} 39. Bf6 {[%emt 0:00:00]} h5 {[%emt 0:00:00]} 40. a4 {[%emt 0:00:00]} Ba5 {[%emt 0:00:00]} 41. b4 {[%emt 0:04:45]} Bc7 {[%emt 0:01:12]} 42. e5 {[%emt 0:00:27]} a5 {[%emt 0:01:38]} 43. b5 {[%emt 0:02:26]} cxb5 {[%emt 0:03:00]} 44. axb5 {[%emt 0:06:01]} Ke6 {[%emt 0:03:59]} 45. b6 {[%emt 0:03:55]} Bxb6+ {[%emt 0:00:20]} 46. Kxb6 {[%emt 0:00:03]} a4 {[%emt 0:00:08]} 47. Bg5 {[%emt 0:00:34]} Kxe5 {[%emt 0:00:18]} 48. Bc1 {[%emt 0:03:36]} h4 {[%emt 0:03:04]} 49. Kc6 {[%emt 0:12:38]} g5 {[%emt 0:03:32]} 50. Kd7 {[%emt 0:02:34]} Kf5 {[%emt 0:02:56]} 51. Kd6 {[%emt 0:06:51]} g4 {[%emt 0:00:48]} 52. Kd5 {[%emt 0:00:11]} gxh3 {[%emt 0:00:55]} 53. gxh3 {[%emt 0:00:01]} a3 {[%emt 0:00:10]} 54. Bxa3 {[%emt 0:00:06]} Kf4 {[%emt 0:00:03]} 55. Bd6+ {[%emt 0:00:09]} Kf3 {[%emt 0:00:04]} 56. Ke5 {[%emt 0:00:22]} Kg3 {[%emt 0:00:11]} 57. Ke4+ {[%emt 0:00:06]} Kxh3 {[%emt 0:00:04]} 58. Kf3 1/2-1/2

[Event "69th GRE-ch 2019"]
[Site "Thessaloniki"]
[Date "2019.11.23"]
[Round "4.4"]
[White "Kanakaris, Georgios"]
[Black "Koutoukidis, Panagiotis"]
[Result "1/2-1/2"]
[WhiteElo "2395"]
[BlackElo "2412"]
[Annotator "NA"]
[PlyCount "33"]
[EventDate "2019.11.20"]
[EventType "tourn"]
[EventCountry "GRE"]
[SourceTitle "playchess.com"]
[Source "ChessBase"]
[SourceQuality "1"]
[TimeControl "40/5400+30:1800+30"]

1. d4 {[%emt 0:00:00]} Nf6 {[%emt 0:00:00]} 2. Nf3 {[%emt 0:00:00]} d5 {[%emt 0:00:07]} 3. g3 {[%emt 0:01:30]} g6 {[%emt 0:01:01]} 4. Bg2 {[%emt 0:00:23]} Bg7 {[%emt 0:00:16]} 5. O-O {[%emt 0:00:37]} O-O {[%emt 0:02:07]} 6. c4 {[%emt 0:00:22]} c6 {[%emt 0:00:18]} 7. b3 {[%emt 0:04:43]} Bf5 {[%emt 0:07:41]} 8. Bb2 {[%emt 0:00:32]} Nbd7 {[%emt 0:01:24]} 9. Nc3 {[%emt 0:04:40]} dxc4 {[%emt 0:12:25]} 10. bxc4 {[%emt 0:01:13]} Nb6 {[%emt 0:00:14]} 11. c5 {[%emt 0:05:44]} Nc4 {[%emt 0:00:32]} 12. Bc1 {[%emt 0:03:48]} Nd5 {[%emt 0:03:07]} 13. Qb3 {[%emt 0:01:54]} Na5 {[%emt 0:02:04]} 14. Qb2 {[%emt 0:02:20]} Nc4 {[%emt 0:03:50]} 15. Qb3 {[%emt 0:00:25]} Na5 {[%emt 0:01:33]} 16. Qb2 {[%emt 0:00:20]} Nc4 {[%emt 0:02:00]} 17. Qb3 {[%emt 0:00:09]} 1/2-1/2

[Event "69th GRE-ch 2019"]
[Site "Thessaloniki"]
[Date "2019.11.23"]
[Round "4.5"]
[White "Ioannidis, Evgenios"]
[Black "Malikentzos, Sotirios"]
[Result "1/2-1/2"]
[WhiteElo "2379"]
[BlackElo "2432"]
[Annotator "NA"]
[PlyCount "62"]
[EventDate "2019.11.20"]
[EventType "tourn"]
[EventCountry "GRE"]
[SourceTitle "playchess.com"]
[Source "ChessBase"]
[SourceQuality "1"]
[TimeControl "40/5400+30:1800+30"]

1. e4 {[%emt 0:00:09]} e5 {[%emt 0:00:00]} 2. Nf3 {[%emt 0:00:17]} Nf6 {[%emt 0:00:00]} 3. d4 {[%emt 0:00:39]} exd4 {[%emt 0:01:17]} 4. e5 {[%emt 0:00:43]} Ne4 {[%emt 0:00:25]} 5. Qxd4 {[%emt 0:00:34]} d5 {[%emt 0:00:11]} 6. exd6 {[%emt 0:00:10]} Nxd6 {[%emt 0:00:05]} 7. Nc3 {[%emt 0:05:09]} Nc6 {[%emt 0:00:24]} 8. Qf4 {[%emt 0:00:11]} Bf5 {[%emt 0:00:07]} 9. Bb5 {[%emt 0:08:36]} Qe7+ {[%emt 0:00:16]} 10. Be3 {[%emt 0:02:36]} Nxb5 {[%emt 0:00:13]} 11. Nxb5 {[%emt 0:03:18]} Qb4+ {[%emt 0:00:16]} 12. Qxb4 {[%emt 0:00:26]} Bxb4+ {[%emt 0:00:05]} 13. c3 {[%emt 0:00:29]} Bd6 {[%emt 0:00:04]} 14. Nxd6+ {[%emt 0:01:57]} cxd6 {[%emt 0:00:06]} 15. O-O-O {[%emt 0:01:50]} Be6 {[%emt 0:01:44]} 16. Rxd6 {[%emt 0:20:43]} Bxa2 {[%emt 0:01:17]} 17. Nd2 {[%emt 0:08:40]} Na5 {[%emt 0:13:54]} 18. Kc2 {[%emt 0:07:50]} Nc4 {[%emt 0:05:49]} 19. Nxc4 {[%emt 0:05:31]} Bxc4 20. Bc5 {[%emt 0:08:06]} Be6 {[%emt 0:03:03]} 21. Re1 {[%emt 0:01:15]} b6 {[%emt 0:05:54]} 22. f4 {[%emt 0:01:04]} O-O {[%emt 0:10:30]} 23. Rdxe6 {[%emt 0:00:08]} fxe6 {[%emt 0:00:04]} 24. Bxf8 {[%emt 0:00:06]} Rxf8 {[%emt 0:00:02]} 25. g3 {[%emt 0:00:48]} g5 {[%emt 0:03:24]} 26. Rxe6 {[%emt 0:06:04]} gxf4 {[%emt 0:00:12]} 27. gxf4 {[%emt 0:00:04]} Rxf4 {[%emt 0:00:04]} 28. Kb3 {[%emt 0:01:59]} Rh4 {[%emt 0:00:34]} 29. Re7 {[%emt 0:00:24]} Rxh2 {[%emt 0:01:05]} 30. Rxa7 {[%emt 0:00:04]} Rf2 {[%emt 0:00:07]} 31. Re7 {[%emt 0:03:12]} Rf6 {[%emt 0:01:43]} 1/2-1/2

[Event "69th GRE-ch 2019"]
[Site "Thessaloniki"]
[Date "2019.11.24"]
[Round "5.1"]
[White "Malikentzos, Sotirios"]
[Black "Giannoulakis, Lampros"]
[Result "1-0"]
[WhiteElo "2432"]
[BlackElo "2227"]
[Annotator "TA"]
[PlyCount "89"]
[EventDate "2019.11.20"]
[EventType "tourn"]
[EventCountry "GRE"]
[SourceTitle "playchess.com"]
[Source "ChessBase"]
[SourceQuality "1"]

{[%evp 20,89,28,17,30,25,27,14,45,45,50,33,33,22,24,25,39,27,52,37,76,58,70,61,72,69,76,56,42,57,122,110,104,97,248,248,244,249,324,320,358,225,214,85,118,28,30,32,43,32,51,67,75,69,33,0,0,-6,67,74,174,166,837,811,904,891,812,796,29987,29988,29988,29989]} 1. Nf3 Nf6 2. c4 (2. g3 g6 3. Bg2 Bg7 4. O-O O-O 5. c4 c6 6. d4 d5 7. cxd5 cxd5 8. Nc3 Nc6 {½-½ (11) Stevic,H (2587)-Kozul,Z (2611) Pozega 2018}) 2... g6 3. g3 Bg7 4. Bg2 O-O 5. d4 c6 6. Nc3 d5 7. cxd5 cxd5 8. Ne5 Nc6 9. O-O e6 10. Nxc6 bxc6 11. Bf4 Nd7 {D79: Fianchetto Grünfeld: Symmetrical Variation (6 0-0 c6 7 cxd5 cxd5)} 12. Qd2 Ba6 13. Rac1 Qb6 {The position is equal.} 14. Rfd1 Rfe8 15. b3 Bf8 16. Na4 $146 ({Predecessor:} 16. Bh6 Ba3 17. Rc2 Rac8 18. Qf4 Qc7 {½-½ (55) Novak,J (2269)-Sherwood,R (2163) LSS email 2013}) 16... Qb7 17. e4 Rac8 18. Bh6 Be7 19. h4 Qb4 20. Qf4 Be2 21. Rd2 Bb5 22. Nc3 Ba6 23. h5 Qa5 24. Rdd1 $40 {[%mdl 128] White attacks.} Nf6 (24... Bb4 $14 25. Qf3 f5) 25. hxg6 $16 hxg6 26. e5 Nd7 $2 {[#]} (26... Nh7 $16 {was called for.}) 27. Bf3 $1 $18 Qd8 {[#]} 28. Kg2 $1 f5 29. g4 Nf8 {intending ...g5.} 30. Qh2 Bh4 31. Be3 (31. Na4 $18 {has better winning chances.}) 31... Rc7 32. Be2 (32. gxf5 $16 {Strongly threatening f6.} gxf5 33. Rg1 (33. Kh1 Rh7 $15)) 32... Bxe2 $11 33. Nxe2 Rh7 34. Qf4 g5 35. Qf3 Qd7 36. Rh1 Ng6 37. Bd2 Rf8 {Black wants to play ...fxg4.} 38. Qd3 Rhf7 (38... Rh6 $11 39. gxf5 Rxf5) 39. Ng3 $14 {[%cal Be2g3,Bg3h5,Bh5f6][%mdl 32]} Kg7 (39... Ne7 $16 {might work better.}) 40. Nh5+ $18 Kh6 $2 (40... Kg8 41. Kg1 Qb7) 41. f4 fxg4 42. Nf6 Rxf6 43. fxg5+ (43. exf6 gxf4 44. Rcg1 Kg5 $11) 43... Kh5 44. gxf6 Qh7 45. Qe3 {Accuracy: White = 68%, Black = 29%.} 1-0

[Event "69th GRE-ch 2019"]
[Site "Thessaloniki"]
[Date "2019.11.24"]
[Round "5.2"]
[White "Koutoukidis, Panagiotis"]
[Black "Ioannidis, Evgenios"]
[Result "1/2-1/2"]
[WhiteElo "2412"]
[BlackElo "2379"]
[Annotator "ChessBase"]
[PlyCount "87"]
[EventDate "2019.11.20"]
[EventType "tourn"]
[EventCountry "GRE"]
[SourceTitle "playchess.com"]
[Source "ChessBase"]
[SourceQuality "1"]
[TimeControl "40/5400+30:1800+30"]

1. e4 {[%emt 0:00:00]} c6 {[%emt 0:00:09]} 2. d4 {[%emt 0:00:09]} d5 {[%emt 0:00:16]} 3. Nd2 {[%emt 0:00:14]} dxe4 {[%emt 0:00:20]} 4. Nxe4 {[%emt 0:00:06]} Bf5 {[%emt 0:00:19]} 5. Ng3 {[%emt 0:00:25]} Bg6 {[%emt 0:00:15]} 6. h4 {[%emt 0:00:28]} h6 {[%emt 0:00:14]} 7. Nf3 {[%emt 0:00:07]} Nd7 {[%emt 0:00:16]} 8. h5 {[%emt 0:00:06]} Bh7 {[%emt 0:00:08]} 9. Bd3 {[%emt 0:00:05]} Bxd3 {[%emt 0:00:13]} 10. Qxd3 {[%emt 0:00:05]} e6 {[%emt 0:00:15]} 11. Bd2 {[%emt 0:00:06]} Ngf6 {[%emt 0:00:36]} 12. O-O-O {[%emt 0:00:13]} Be7 {[%emt 0:00:18]} 13. Kb1 Qb6 {[%emt 0:00:55]} 14. c4 {[%emt 0:06:52]} O-O {[%emt 0:05:21]} 15. Ne4 {[%emt 0:01:58]} Rad8 {[%emt 0:02:27]} 16. Rhg1 {[%emt 0:11:01]} Ng4 {[%emt 0:21:14]} 17. Qe2 {[%emt 0:04:05]} f5 {[%emt 0:23:24]} 18. Ng3 {[%emt 0:18:45]} c5 {[%emt 0:01:08]} 19. Bc3 {[%emt 0:11:02]} Bf6 {[%emt 0:01:41]} 20. Ne5 {[%emt 0:01:18]} Ngxe5 {[%emt 0:12:59]} 21. dxe5 {[%emt 0:00:12]} Be7 {[%emt 0:00:12]} 22. Qc2 {[%emt 0:11:05]} Qc6 {[%emt 0:05:05]} 23. f3 {[%emt 0:03:13]} Nb6 {[%emt 0:10:00]} 24. b3 {[%emt 0:00:30]} Rxd1+ {[%emt 0:00:07]} 25. Rxd1 {[%emt 0:00:14]} Rd8 {[%emt 0:00:05]} 26. Ne2 {[%emt 0:02:44]} Rxd1+ {[%emt 0:00:17]} 27. Qxd1 {[%emt 0:00:06]} Qd7 {[%emt 0:00:08]} 28. Qxd7 {[%emt 0:02:29]} Nxd7 {[%emt 0:00:05]} 29. Nf4 {[%emt 0:00:11]} Kf7 {[%emt 0:00:21]} 30. Kc2 {[%emt 0:01:03]} Bg5 {[%emt 0:03:08]} 31. Ng6 {[%emt 0:01:38]} Nf8 {[%emt 0:00:06]} 32. Nxf8 {[%emt 0:00:16]} Kxf8 {[%emt 0:00:05]} 33. g4 {[%emt 0:02:24]} fxg4 {[%emt 0:02:21]} 34. fxg4 {[%emt 0:00:10]} Ke7 {[%emt 0:00:03]} 35. Kd3 {[%emt 0:00:16]} Kd7 {[%emt 0:00:04]} 36. a3 {[%emt 0:04:26]} Kc6 {[%emt 0:00:41]} 37. b4 {[%emt 0:00:40]} a6 {[%emt 0:00:10]} 38. a4 {[%emt 0:02:40]} b5 {[%emt 0:02:18]} 39. cxb5+ {[%emt 0:01:19]} axb5 {[%emt 0:00:04]} 40. axb5+ {[%emt 0:00:00]} Kxb5 {[%emt 0:00:00]} 41. bxc5 {[%emt 0:00:38]} Kxc5 {[%emt 0:00:09]} 42. Ke4 {[%emt 0:00:06]} Be7 {[%emt 0:00:49]} 43. Ba5 {[%emt 0:00:44]} Kc6 {[%emt 0:00:23]} 44. Bd2 {[%emt 0:00:12]} 1/2-1/2

[Event "69th GRE-ch 2019"]
[Site "Thessaloniki"]
[Date "2019.11.24"]
[Round "5.3"]
[White "Kalogeris, Ioannis"]
[Black "Kanakaris, Georgios"]
[Result "0-1"]
[WhiteElo "2330"]
[BlackElo "2395"]
[Annotator "ChessBase"]
[PlyCount "60"]
[EventDate "2019.11.20"]
[EventType "tourn"]
[EventCountry "GRE"]
[SourceTitle "playchess.com"]
[Source "ChessBase"]
[SourceQuality "1"]
[TimeControl "40/5400+30:1800+30"]

1. e4 {[%emt 0:00:00]} c5 {[%emt 0:00:00]} 2. Nf3 {[%emt 0:00:04]} d6 {[%emt 0:00:00]} 3. Bb5+ {[%emt 0:00:05]} Bd7 {[%emt 0:00:42]} 4. Bxd7+ {[%emt 0:00:17]} Qxd7 {[%emt 0:00:06]} 5. c4 {[%emt 0:00:16]} g6 {[%emt 0:03:25]} 6. O-O {[%emt 0:02:21]} Bg7 {[%emt 0:00:29]} 7. d4 {[%emt 0:00:29]} Nf6 {[%emt 0:16:48]} 8. Nc3 {[%emt 0:04:46]} cxd4 {[%emt 0:00:39]} 9. Nxd4 {[%emt 0:03:41]} Nc6 10. Nc2 {[%emt 0:00:29]} O-O {[%emt 0:05:56]} 11. b3 {[%emt 0:03:28]} Rac8 {[%emt 0:05:43]} 12. Qd3 {[%emt 0:02:15]} Rfd8 {[%emt 0:12:08]} 13. Bg5 {[%emt 0:07:43]} Qg4 {[%emt 0:20:23]} 14. Qe3 {[%emt 0:11:14]} Qh5 {[%emt 0:04:11]} 15. h3 {[%emt 0:08:04]} h6 {[%emt 0:00:12]} 16. Bf4 {[%emt 0:02:09]} Qa5 {[%emt 0:03:41]} 17. Qe1 {[%emt 0:04:31]} e6 {[%emt 0:03:48]} 18. Nb5 {[%emt 0:05:00]} Qxe1 {[%emt 0:03:09]} 19. Raxe1 {[%emt 0:00:49]} Bf8 {[%emt 0:02:08]} 20. Be3 {[%emt 0:17:04]} Nxe4 {[%emt 0:00:51]} 21. Nxa7 {[%emt 0:04:17]} Nxa7 {[%emt 0:00:27]} 22. Bxa7 {[%emt 0:00:12]} Nd2 {[%emt 0:00:07]} 23. Bb6 {[%emt 0:01:23]} Re8 {[%emt 0:00:16]} 24. Ne3 {[%emt 0:04:22]} Nxf1 {[%emt 0:00:43]} 25. Kxf1 {[%emt 0:00:03]} Rc6 {[%emt 0:00:43]} 26. c5 {[%emt 0:04:53]} dxc5 {[%emt 0:00:35]} 27. Nc4 {[%emt 0:00:01]} Bg7 {[%emt 0:06:44]} 28. Rd1 {[%emt 0:03:40]} Bd4 {[%emt 0:00:52]} 29. g4 {[%emt 0:02:35]} e5 {[%emt 0:00:12]} 30. Kg2 {[%emt 0:00:47]} Ree6 {[%emt 0:00:27]} 0-1

[Event "69th GRE-ch 2019"]
[Site "Thessaloniki"]
[Date "2019.11.24"]
[Round "5.4"]
[White "Papadopoulos, Georgios"]
[Black "Megalios, Konstantinos"]
[Result "1/2-1/2"]
[WhiteElo "2378"]
[BlackElo "2386"]
[Annotator "RC"]
[PlyCount "86"]
[EventDate "2019.11.20"]
[EventType "tourn"]
[EventCountry "GRE"]
[SourceTitle "playchess.com"]
[Source "ChessBase"]
[SourceQuality "1"]
[TimeControl "40/5400+30:1800+30"]

1. d4 {[%emt 0:00:00]} Nf6 {[%emt 0:00:00]} 2. c4 {[%emt 0:00:00]} e6 {[%emt 0:00:00]} 3. Nc3 {[%emt 0:00:00]} Bb4 {[%emt 0:00:00]} 4. e3 {[%emt 0:00:00]} O-O {[%emt 0:00:19]} 5. Bd3 {[%emt 0:00:00]} d5 {[%emt 0:00:41]} 6. Nf3 {[%emt 0:00:03]} dxc4 {[%emt 0:01:50]} 7. Bxc4 {[%emt 0:00:08]} b6 {[%emt 0:00:41]} 8. O-O {[%emt 0:04:11]} Bb7 {[%emt 0:00:15]} 9. Qe2 {[%emt 0:01:48]} Nbd7 {[%emt 0:01:36]} 10. Rd1 {[%emt 0:01:18]} Qe7 {[%emt 0:02:24]} 11. a3 {[%emt 0:08:50]} Bxc3 {[%emt 0:07:31]} 12. bxc3 {[%emt 0:00:07]} Ne4 {[%emt 0:00:11]} 13. Qc2 {[%emt 0:06:18]} Nd6 {[%emt 0:01:44]} 14. Be2 {[%emt 0:02:11]} e5 {[%emt 0:01:52]} 15. a4 {[%emt 0:06:17]} Rfe8 {[%emt 0:07:13]} 16. a5 {[%emt 0:07:36]} Rad8 {[%emt 0:11:31]} 17. axb6 {[%emt 0:02:08]} axb6 {[%emt 0:00:09]} 18. Ba3 {[%emt 0:01:05]} Qf6 {[%emt 0:05:12]} 19. Bxd6 {[%emt 0:02:55]} Qxd6 {[%emt 0:02:31]} 20. dxe5 {[%emt 0:19:44]} Qe7 {[%emt 0:19:29]} 21. Bb5 {[%emt 0:01:04]} Rf8 {[%emt 0:03:44]} 22. Qf5 {[%emt 0:06:15]} Nc5 {[%emt 0:05:34]} 23. Nd4 {[%emt 0:00:57]} g6 {[%emt 0:02:23]} 24. Qf4 {[%emt 0:00:45]} Rd5 {[%emt 0:03:55]} 25. Bc6 {[%emt 0:07:28]} Bxc6 {[%emt 0:00:45]} 26. Nxc6 {[%emt 0:00:02]} Rxd1+ {[%emt 0:00:09]} 27. Rxd1 {[%emt 0:00:03]} Qe6 {[%emt 0:00:13]} 28. Qf6 {[%emt 0:01:34]} Re8 {[%emt 0:06:01]} 29. Rd8 {[%emt 0:05:07]} Rxd8 {[%emt 0:02:57]} 30. Qxd8+ {[%emt 0:00:02]} Kg7 {[%emt 0:00:07]} 31. Qxc7 {[%emt 0:00:15]} Qa2 {[%emt 0:01:02]} 32. h3 {[%emt 0:01:35]} Ne4 {[%emt 0:03:57]} 33. e6 {[%emt 0:02:20]} Qxf2+ {[%emt 0:01:00]} 34. Kh2 {[%emt 0:00:07]} Nd2 {[%emt 0:00:29]} 35. Qe5+ {[%emt 0:09:51]} Kh6 {[%emt 0:00:21]} 36. Qf4+ {[%emt 0:00:24]} Qxf4+ {[%emt 0:00:02]} 37. exf4 {[%emt 0:00:01]} fxe6 {[%emt 0:00:25]} 38. Nd4 {[%emt 0:00:16]} Ne4 {[%emt 0:07:23]} 39. Nxe6 {[%emt 0:03:43]} Nxc3 {[%emt 0:00:02]} 40. h4 {[%emt 0:00:00]} Ne4 {[%emt 0:00:00]} 41. g4 {[%emt 0:09:37]} Nc5 {[%emt 0:02:18]} 42. Nd4 {[%emt 0:00:38]} Kg7 {[%emt 0:00:54]} 43. Kg3 {[%emt 0:00:13]} Kf7 {[%emt 0:01:16]} 1/2-1/2

[Event "69th GRE-ch 2019"]
[Site "Thessaloniki"]
[Date "2019.11.24"]
[Round "5.5"]
[White "Mitsis, Georgios"]
[Black "Kourkoulos-Arditis, Stamatis"]
[Result "1/2-1/2"]
[WhiteElo "2348"]
[BlackElo "2457"]
[Annotator "TA"]
[PlyCount "88"]
[EventDate "2019.11.20"]
[EventType "tourn"]
[EventCountry "GRE"]
[SourceTitle "playchess.com"]
[Source "ChessBase"]
[SourceQuality "1"]

{[%evp 25,88,12,21,7,25,30,38,18,27,10,3,0,5,0,0,0,0,0,34,36,27,0,0,0,0,0,0,0,0,0,0,0,41,37,72,66,67,58,62,-1,0,0,0,0,0,0,0,0,7,7,7,0,0,0,0,0,6,0,0,0,0,0,0,0,0]} 1. d4 Nf6 2. c4 e6 3. Nf3 b6 4. g3 Ba6 5. b3 Bb4+ 6. Bd2 Be7 7. Bg2 d5 8. cxd5 exd5 9. O-O O-O 10. Nc3 Bb7 11. Bc1 Re8 12. Bb2 Nbd7 13. Rc1 c6 14. e3 {E17: Queen's Indian: 4 g3 Bb7 5 Bg2 Be7} Nf8 (14... Bd6 15. Nd2 Rc8 16. Re1 Bf8 17. a3 a6 18. Qc2 g6 19. Ne2 Bg7 20. Nf4 Nf8 21. a4 a5 {1-0 (62) Pantsulaia,L (2605)-Stopa,J (2488) Kolkata 2013}) 15. Ne5 Ne6 16. Ne2 {White is slightly better.} Rc8 17. Bh3 $146 ({Predecessor:} 17. Qd3 Bd6 18. Qf5 Qe7 19. Rc2 Nd7 20. Nf3 {½-½ (20) Atalik,S (2420)-Farago,I (2495) Budapest 1991}) 17... Rc7 18. a3 Bf8 19. Re1 Ne4 20. Bg2 f6 21. Nd3 N6g5 {[%cal Be6g5,Bg5f7,Bf7h6,Bh6f5,Bf5e3][%mdl 32]} 22. Nef4 a5 23. f3 Nd6 24. h4 Ngf7 25. e4 Rce7 {[%cal Rd5e4]} 26. e5 $36 {[%mdl 2048] White has the initiative.} Nf5 27. Bh3 $1 {[%cal Rh3f5]} N7h6 28. Kh2 g6 29. Qd2 Bg7 30. Qf2 fxe5 31. dxe5 {[#] g4 is the strong threat.} d4 $1 {[%cal Rg7e5]} 32. Bxf5 ({White should try} 32. g4 $1 $14 Ne3 33. Bxd4 Qxd4 34. Qxe3 Qxe3 35. Rxe3) 32... Nxf5 $11 {The position is equal.} 33. g4 $1 {[%cal Rg4f5]} Ne3 {[#]} 34. Bxd4 $1 {[%mdl 512]} Qxd4 35. Qxe3 Qxe3 36. Rxe3 Bxe5 37. Nxe5 Rxe5 38. Rxe5 Rxe5 {[%mdl 4096] Endgame KRB-KRN} 39. Rc3 c5 40. Kg3 Ba6 41. Ng2 Rd5 42. Ne3 Rd4 43. Nc4 Bxc4 $1 44. Rxc4 Rd3 {Accuracy: White = 71%, Black = 61%.} 1/2-1/2